Administración (Registro nro. 4842)

Detalles MARC
000 -LEADER
fixed length control field 01853 a2200229 4500
001 - CONTROL NUMBER
control field 49431
005 - DATE AND TIME OF LATEST TRANSACTION
control field 20260407155758.0
008 - FIXED-LENGTH DATA ELEMENTS--GENERAL INFORMATION
fixed length control field 260407a2003 arg spa d
003 - CONTROL NUMBER IDENTIFIER
control field AR-UNSa-BCEJYS
040 ## - CATALOGING SOURCE
Original cataloging agency AR-UNSa-BCEJYS
Language of cataloging spa
Transcribing agency AR-UNSa-BCEJYS
080 ## - UNIVERSAL DECIMAL CLASSIFICATION NUMBER
Universal Decimal Classification number 658
Common auxiliary subdivision Administración de empresas. Organización comercial
020 ## - INTERNATIONAL STANDARD BOOK NUMBER
International Standard Book Number 978-987-9094-88-4
041 ## - LANGUAGE CODE
Language code of text/sound track or separate title spa
100 1# - MAIN ENTRY--PERSONAL NAME
Personal name Alvarez, Héctor Felipe
245 10 - TITLE STATEMENT
Title Administración
Name of part/section of a work un enfoque interdisciplinario y competitivo
264 #1 - PRODUCTION, PUBLICATION, DISTRIBUTION, MANUFACTURE, AND COPYRIGHT NOTICE
Place of production, publication, distribution, manufacture Córdoba :
Name of producer, publisher, distributor, manufacturer Ediciones Eudecor
Date of production, publication, distribution, manufacture, or copyright notice 2003
300 ## - PHYSICAL DESCRIPTION
Extent 559 p.
Dimensions 27 cm.
505 ## - FORMATTED CONTENTS NOTE
Formatted contents note PARTE I: La administración y sus fundamentos: 1. La administración y los administradores - 2. La evolución del pensamiento administrativo - 3. Los nuevos desafíos de la administración - 4. Las organizaciones - PARTE II: La toma de decisiones y el planeamiento: 5. La toma de decisiones - 6. El establecimiento de objetivos y la visión global del planeamiento - 7. El planeamiento en acción - 8. El proceso de la formulación de la estrategia - PARTE III: La acción de organizar y el establecimiento de estructuras: 9. Los fundamentos de la estructura organizativa - 10. El diseño de la estructura de la organización - PARTE IV: La dirección de las organizaciones: 11. La integración de las personas en la organización - 12. Los fundamentos de la dirección de las organizaciones - PARTE V: El control y el cambio en la organización: 13. El control directivo en la organización - 14. La administración del cambio organizacional - PARTE VI: La administración en pequeñas y medianas empresas: 15. La administración en las pequeñas y medianas empresas y en las empresas familiares.
590 ## - LOCAL NOTE (RLIN)
Local note niveau_biblio:m niveau_hierar:0
856 41 - ELECTRONIC LOCATION AND ACCESS
Uniform Resource Identifier <a href="https://www.biblioeco.unsa.edu.ar/pmb/images/libros/L128093.jpg">https://www.biblioeco.unsa.edu.ar/pmb/images/libros/L128093.jpg</a>
Link text Imagen de portada
Electronic format type image/jpeg
942 ## - ADDED ENTRY ELEMENTS (KOHA)
Koha item type
Existencias
Withdrawn status Lost status Damaged status Not for loan Home library Current library Shelving location Date acquired Total checkouts Full call number Barcode Date last seen Price effective from Koha item type
        Biblioteca Prof. Eusebio Cleto del Rey Biblioteca Prof. Eusebio Cleto del Rey   07/04/2026   658 A472/2003 L128093 07/04/2026 07/04/2026 Libro